| 000 | 00524nam a2200217Ia 4500 | ||
|---|---|---|---|
| 003 | 0100 | ||
| 008 | 130303s9999 xx 000 0 und d | ||
| 040 | _cARRUPELIB | ||
| 050 | _aB693.E53O2 1964 | ||
| 245 | 4 | _aThe Essential Plotinus | |
| 245 | _brepresentative treatises from the Enneads | ||
| 260 | _aNew York | ||
| 260 | _bThe New American Library | ||
| 260 | _C1964 | ||
| 300 | _a224p. | ||
| 300 | _b 19 cm. | ||
| 650 | _aPHILOSOPHY | ||
| 650 | _bNietzsche | ||
| 700 | _aO'Brien, Elmer (tr.) | ||
| 942 | 0 | 0 | _01 |
| 999 |
_c40974 _d40974 |
||